| 000 | 00661nam a2200193 i 4500 | ||
|---|---|---|---|
| 001 | bg | ||
| 100 | 1 |
_aGorzałczany, Marian Bolesław _d(1955- ). |
|
| 245 | 1 | 0 |
_aLaboratorium modelowania cyfrowego / _cMarian B. Gorzałczany. |
| 250 | _a[Wyd. 2]. | ||
| 260 |
_aKielce : _bPŚ, _c1990. |
||
| 300 |
_a95 s., [46] s. tabl. : _brys., wykr. ; _c23 cm. |
||
| 490 | 1 |
_aSkrypty Uczelniane Politechniki Świętokrzyskiej, _x0239-6386 ; _vnr 188 |
|
| 830 |
_aSkrypty Uczelniane Politechniki Świętokrzyskiej, _x0239-6386 ; |
||
| 040 | _cBPK | ||
| 041 | _apol | ||
| 080 | _a681.322.06:519.682:519.688](075.8) | ||
| 942 | _cKS | ||
| 008 | s pl f |000 0 pol | ||
| 999 |
_c4421 _d4421 |
||
| 856 |
_uhttp://koha.tu.koszalin.pl/cgi-bin/koha/opac-detail.pl?biblionumber=4421 _yKatalog online BPK |
||